Cristián Valdés: la medida de la arquitectura

Shranjeno v:
Bibliografske podrobnosti
Glavni avtor: Iturriaga del Campo, Sandra (Author)
Format: Knjiga
Jezik:španščina
Izdano: Santiago, Chile ARQ 2008
Serija:Monografías de Arquitectura Chilena Contemporánea, 18
Teme:
Online dostop:Disponible Online
Oznake: Označite
Brez oznak, prvi označite!

MARC

LEADER 00000nam a2200000 a 4500
001 UCH3684
003 CL-VaPUC
005 20230818143210.0
008 090813e20080000CL |||||||||||||||||spa|d
999 |c 335161  |d 335159 
020 |a 9789561409934 
040 |c Pontificia Universidad Católica de Valparaíso 
082 0 4 |a 724.6 ITU 2008  |2 21 
100 0 |a Iturriaga del Campo, Sandra  |e author  |9 539188 
245 1 0 |a Cristián Valdés:  |b  la medida de la arquitectura 
260 |a Santiago, Chile  |b ARQ  |c 2008 
300 |a 219 páginas 
490 0 |a Monografías de Arquitectura Chilena Contemporánea,  |v  18 
583 |a last modification  |c 20090813 00:00:00  |k Rodrigo Vera 
600 0 7 |a Valdes, Cristian  |2 CL-VaPUC  |9 539189 
650 |a Arquitectura moderna  |x Oficio de arquitecto  |x Diseño  |x Obras destacadas  |z Chile  |9 884060 
856 |u http://bibliografiadigital.pucv.cl.pucv.idm.oclc.org/index.php/bibliotecapucv/catalog/book/364  |y Disponible Online  
942 |c BK  |2 ddc 
945 |d 20090813 00:00:00  |a cmena 
952 |0 0  |1 0  |2 ddc  |4 0  |6 724_600000000000000_ITU_2008  |7 0  |8 R  |9 424823  |a BIBARQ  |b BIBARQ  |d 2019-11-22  |i 4588711  |l 10  |m 1  |o 724.6 ITU 2008  |p 4588711  |q 2025-05-13  |r 2025-04-23  |s 2025-04-23  |t 1  |w 2019-11-22  |y BK_R  |k ARQ 
952 |0 0  |1 0  |2 ddc  |4 0  |6 724_600000000000000_ITU_2008  |7 0  |8 R  |9 424824  |a BIBARQ  |b BIBARQ  |d 2019-11-22  |i 4703707  |l 9  |m 3  |o 724.6 ITU 2008  |p 4703707  |q 2025-05-12  |r 2025-03-04  |s 2025-03-04  |t 2  |w 2019-11-22  |y BK_R  |k ARQ